00517nam a2200157Ia 4500008004100000041000800041082001200049100001900061245004500080250001400125260003800139300003100177365001200208999001700220952012200237240624s9999 xx 000 0 und d aeng a658 WIL aWILLIAMS CHUCK aEFFECTIVE MANAGEMENT A MULTIMEDIA APPROA a(5th ed.) c2012aAustraliabCengage Learning axix, : 619 : p. : cm. ; 25 cGBPb25 c26664d26664 00104070aIMTNbIMTNcRack 21-Bd2016-02-23eRWg130.00o658 WILp26664r2024-06-24 00:00:00t105.6w2024-06-24yBK